Países con dos o mas palabras - Estadísticas

Estadísticas generales
  • Esta prueba ha sido intentada 63 veces
    40 desde el último reinicio
  • La puntuación promedio es 32 de 38
Estadísticas de respuestas
Número de letras País % Correcto
2 Estados Unidos
100%
3 Antigua y Barbuda
97%
3 Corea del Norte
97%
3 Corea del Sur
97%
2 Nueva Zelanda
97%
2 Santa Lucía
97%
5 San Vicente y las Granadinas
97%
2 Cabo Verde
94%
2 Costa Rica
94%
3 Emiratos Árabes Unidos
94%
2 Islas Marshall
94%
2 República Checa
94%
3 República del Congo
94%
4 República democrática del Congo
94%
2 Arabia Saudita
91%
2 República Dominicana
91%
2 San Marino
91%
3 Ciudad del Vaticano
88%
2 Islas Salomón
88%
4 San Cristóbal y Nieves
88%
3 Papúa Nueva Guinea
85%
2 El Salvador
82%
4 Estados Federados de Micronesia
82%
2 Reino Unido
82%
4 Santo Tomé y Príncipe
82%
3 Sudán del Sur
82%
3 Bosnia y Herzegovina
79%
2 Guinea-Bissau
79%
2 Guinea Ecuatorial
79%
3 Macedonia del Norte
79%
3 Costa de Marfil
76%
2 Países Bajos
70%
2 República Centroafricana
70%
3 Trinidad y Tobago
70%
2 Timor Oriental
67%
2 Sri Lanka
64%
2 Burkina Faso
61%
2 Sierra Leona
55%
No se encontraron pruebas coincidentes
Distribución de puntuación
Porcentaje de gente con cada puntuación
Porcentaje por número respondido
Historial de tus puntuaciones
No has intentado esta prueba desde el último reinicio